Борьба с обледенением самолетов

Dades bibliogràfiques
Autor principal: Лебедев Н. В.
Sumari:В книге изложены результаты исследовательских работ, посвященных изучению процессов обледенения, и рассмотрены метеорологические условия, вызывающие обледенение самолетов. Значительное внимание уделено мероприятиям по борьбе с обледенением самолетов и описанию существующих конструкций противообледенителей. Книга предназначается для инженерно-технических работников; некоторые разделы могут представлять интерес для летного состава.
Idioma:rus
Publicat: Москва, Оборонгиз, 1939
Matèries:
Format: MixedMaterials Llibre
KOHA link:https://koha.lib.tpu.ru/cgi-bin/koha/opac-detail.pl?biblionumber=350450

MARC

LEADER 00000nam0a2200000 4500
001 350450
005 20231102010313.0
035 |a (RuTPU)RU\TPU\retro\4568 
090 |a 350450 
100 |a 20190205d1939 k y0rusy50 ca 
101 0 |a rus 
102 |a RU 
105 |a a z 001zy 
200 1 |a Борьба с обледенением самолетов  |f Н. В. Лебедев 
210 |a Москва  |a Ленинград  |c Оборонгиз  |d 1939 
215 |a 222 с.  |c ил. 
317 |5 63413507: КР-5872  |a Поступил в НТБ в 1987 г. в дар от вдовы ученого Е. К. Завадовской 
320 |a Библиогр.: с. 216-222 
330 |a В книге изложены результаты исследовательских работ, посвященных изучению процессов обледенения, и рассмотрены метеорологические условия, вызывающие обледенение самолетов. Значительное внимание уделено мероприятиям по борьбе с обледенением самолетов и описанию существующих конструкций противообледенителей. Книга предназначается для инженерно-технических работников; некоторые разделы могут представлять интерес для летного состава. 
606 1 |a Самолеты  |x Обледенение  |2 stltpush  |3 (RuTPU)RU\TPU\subj\78622  |9 87859 
610 1 |a изучение 
610 1 |a метеорологические условия 
610 1 |a борьба 
610 1 |a пассивные методы 
610 1 |a крылья 
610 1 |a оперения 
610 1 |a активные методы 
610 1 |a физико-химические методы 
610 1 |a термические методы 
610 1 |a механические методы 
610 1 |a винты 
610 1 |a карбюраторы 
610 1 |a ледниковые отложения 
610 1 |a ледниковые образования 
610 1 |a детали 
610 1 |a защита 
610 1 |a библиотека А. А. Воробьева 
610 1 |a дары библиотеке 
675 |a 629.735  |v 4 
700 1 |a Лебедев  |b Н. В. 
801 1 |a RU  |b 63413507  |c 20190205 
801 2 |a RU  |b 63413507  |c 20190315  |g RCR 
942 |c BK